[Event "Alzira op 4th"]
[Site "Alzira"]
[Date "2014.12.29"]
[Round "6"]
[White "Barbero Verdu, Francisco"]
[Black "Penarrubia Blasco, Jose Alfredo"]
[Result "1-0"]
[WhiteElo "2070"]
[BlackElo "1948"]
[PlyCount "79"]
[EventDate "2014.12.27"]
[EventType "swiss"]
[EventRounds "7"]
[EventCountry "ESP"]
[SourceTitle "CBM 164 Extra"]
[Source "ChessBase"]
[SourceDate "2015.03.02"]
[SourceVersion "1"]
[SourceVersionDate "2015.03.02"]
[SourceQuality "1"]

1. Nf3 d5 2. b3 Nf6 3. Bb2 c5 4. e3 Nc6 5. Be2 Bf5 6. 0-0 e6 7. d4 Bd6 8. Nbd2 Qc7 9. dxc5 Bxc5 10. c4 Bd6 11. cxd5 exd5 12. Rc1 Ne4 13. h3 0-0 14. Nd4 Be5 15. N2f3 Bxd4 16. Nxd4 Bd7 17. Nb5 Qd8 18. Qxd5 Qe7 19. Ba3 Nb4 20. Bxb4 Qxb4 21. Qxd7 Rad8 22. Qg4 f5 23. Bc4+ Kh8 24. Qf4 Qe7 25. Rfd1 Nd2 26. Nd4 Nxc4 27. Rxc4 g5 28. Qc7 Rd7 29. Qc5 Qf7 30. Rdc1 f4 31. Qe5+ Qf6 32. exf4 gxf4 33. Qxf6+ Rxf6 34. Nf3 Kg7 35. Rc7 Rff7 36. Rxd7 Rxd7 37. Rc4 Rf7 38. Ng5 Rf5 39. Ne6+ Kf6 40. Nxf4 1-0

[Event "Benidorm op U2000 13th"]
[Site "Benidorm"]
[Date "2014.12.02"]
[Round "5"]
[White "Voet, Dirk Victor"]
[Black "Penarrubia Blasco, Jose Alfredo"]
[Result "1/2-1/2"]
[WhiteElo "1870"]
[BlackElo "1956"]
[PlyCount "106"]
[EventDate "2014.11.28"]
[EventType "swiss"]
[EventRounds "10"]
[EventCountry "ESP"]
[SourceTitle "CBM 163 Extra"]
[Source "ChessBase"]
[SourceDate "2014.12.23"]
[SourceVersion "1"]
[SourceVersionDate "2014.12.23"]
[SourceQuality "1"]

1. e4 e5 2. d4 exd4 3. Qxd4 Nc6 4. Qe3 d6 5. Bd2 Nf6 6. Nc3 Be6 7. 0-0-0 Ne7 8. h3 c6 9. f4 d5 10. Be1 Qb6 11. Qxb6 axb6 12. e5 Ne4 13. Nge2 b5 14. g4 Nxc3 15. Nxc3 g6 16. a3 h5 17. Rg1 hxg4 18. hxg4 Nc8 19. Ne2 Nb6 20. Nd4 Bc5 21. c3 Nc4 22. Rd3 Rh2 23. Rh3 Rxh3 24. Bxh3 0-0-0 25. Rg3 Rh8 26. f5 Bxd4 27. cxd4 Bd7 28. Bb4 b6 29. Be7 Rg8 30. Rf3 c5 31. fxg6 fxg6 32. b3 Re8 33. Bg5 Nxa3 34. dxc5 bxc5 35. Bf6 b4 36. Rg3 Nb5 37. Bf1 Nd4 38. Kb2 Kc7 39. Bd3 Rg8 40. Rg1 Bb5 41. Bb1 c4 42. bxc4 dxc4 43. Be4 c3+ 44. Kb1 b3 45. e6 Nxe6 46. Bxc3 Nc5 47. Be5+ Kb6 48. Bd5 Rd8 49. Bf7 Bd3+ 50. Kb2 Rd7 51. Bxb3 Nxb3 52. Kxb3 Rd5 53. Bf6 Be2 1/2-1/2

[Event "Valencia Torrefiel U2200 1st"]
[Site "Valencia"]
[Date "2014.11.01"]
[Round "5.7"]
[White "Trabazos Gallego, Javier"]
[Black "Penarrubia Blasco, Jose Alfredo"]
[Result "1/2-1/2"]
[WhiteElo "1856"]
[BlackElo "1956"]
[PlyCount "26"]
[EventDate "2014.10.31"]
[EventType "swiss"]
[EventRounds "7"]
[EventCountry "ESP"]
[SourceTitle "EXT 2024"]
[Source "ChessBase"]
[SourceDate "2023.10.10"]
[SourceVersion "1"]
[SourceVersionDate "2023.10.10"]
[SourceQuality "1"]

1. e4 e5 2. d4 exd4 3. Qxd4 Nc6 4. Qe3 d6 5. Nc3 Nf6 6. Bd2 Be6 7. h3 g6 8. 0-0-0 Bg7 9. f4 Qe7 10. Nf3 h6 11. g4 0-0-0 12. Bg2 d5 13. exd5 Nxd5 1/2-1/2

[Event "Benidorm op U2000 12th"]
[Site "Benidorm"]
[Date "2013.12.04"]
[Round "7"]
[White "Penarrubia Blasco, Jose Alfredo"]
[Black "Moore, Robin"]
[Result "0-1"]
[WhiteElo "1982"]
[BlackElo "1834"]
[PlyCount "50"]
[EventDate "2013.11.29"]
[EventType "swiss"]
[EventRounds "10"]
[EventCountry "ESP"]
[SourceTitle "CBM 157 Extra"]
[Source "ChessBase"]
[SourceDate "2013.12.19"]
[SourceVersion "1"]
[SourceVersionDate "2013.12.19"]
[SourceQuality "1"]

1. e4 c5 2. Nf3 Nc6 3. Bc4 g6 4. Nc3 Bg7 5. d3 e6 6. h3 Nge7 7. 0-0 d5 8. exd5 exd5 9. Bb3 0-0 10. Re1 Be6 11. Bg5 Qd7 12. Bf4 Nf5 13. Ba4 a6 14. Bxc6 Qxc6 15. Ne5 Bxe5 16. Bxe5 f6 17. Bf4 Rae8 18. Ne2 d4 19. Bg3 g5 20. c4 Rf7 21. Kh1 Rfe7 22. Ng1 Nxg3+ 23. Kh2 Bxh3 24. Qf3 Rxe1 25. Rxe1 Rxe1 0-1

[Event "Provincial-ch Valencia"]
[Site "Valencia"]
[Date "2013.10.26"]
[Round "3.11"]
[White "Martinez Lopez, Jaime"]
[Black "Penarrubia Blasco, Jose Alfredo"]
[Result "1/2-1/2"]
[WhiteElo "2066"]
[BlackElo "1982"]
[PlyCount "40"]
[EventDate "2013.10.05"]
[EventType "swiss"]
[EventRounds "7"]
[EventCountry "ESP"]
[SourceTitle "EXT 2024"]
[Source "ChessBase"]
[SourceDate "2023.10.10"]
[SourceVersion "1"]
[SourceVersionDate "2023.10.10"]
[SourceQuality "1"]

1. d4 d5 2. Nf3 Nf6 3. e3 e6 4. Bd3 Bd6 5. 0-0 b6 6. Ne5 0-0 7. f4 c5 8. b3 Bb7 9. Bb2 Nc6 10. Nd2 Nb4 11. Be2 Rc8 12. a3 Nc6 13. Rf3 cxd4 14. exd4 Ne4 15. Bd3 f5 16. Rh3 Nxe5 17. fxe5 Be7 18. c4 Ng5 19. Re3 g6 20. Rc1 f4 1/2-1/2

[Event "Provincial-ch Valencia Preferente"]
[Site "Valencia"]
[Date "2009.11.14"]
[Round "5"]
[White "Penarrubia Blasco, Jose Alfredo"]
[Black "Guerola Trull, Bernat"]
[Result "1-0"]
[WhiteElo "1951"]
[BlackElo "1724"]
[PlyCount "39"]
[EventDate "2009.10.03"]
[EventType "swiss"]
[EventRounds "7"]
[EventCountry "ESP"]
[SourceTitle "EXT 2024"]
[Source "ChessBase"]
[SourceDate "2023.10.10"]
[SourceVersion "1"]
[SourceVersionDate "2023.10.10"]
[SourceQuality "1"]

1. e4 e5 2. Nf3 f5 3. Nxe5 Qf6 4. d4 d6 5. Nc4 fxe4 6. Nc3 Qg6 7. f3 exf3 8. Qxf3 Nc6 9. Bd3 Qg4 10. Qf2 Qxd4 11. Be3 Qf6 12. Qe2 Bd7 13. Nd5 Qd8 14. Nxc7+ Kf7 15. Nxa8 Nf6 16. 0-0 Qxa8 17. Bg5 Be7 18. Rae1 Re8 19. Qh5+ g6 20. Qxh7+ 1-0

[Event "Provincial-ch Valencia Preferente"]
[Site "Valencia"]
[Date "2009.10.31"]
[Round "3"]
[White "Penarrubia Blasco, Jose Alfredo"]
[Black "Harutyunyan, Tigran"]
[Result "1-0"]
[WhiteElo "1951"]
[BlackElo "1882"]
[PlyCount "29"]
[EventDate "2009.10.03"]
[EventType "swiss"]
[EventRounds "7"]
[EventCountry "ESP"]
[SourceTitle "EXT 2024"]
[Source "ChessBase"]
[SourceDate "2023.10.10"]
[SourceVersion "1"]
[SourceVersionDate "2023.10.10"]
[SourceQuality "1"]

1. e4 c5 2. Nf3 Nf6 3. Nc3 d5 4. exd5 Nxd5 5. d4 g6 6. Ne5 Bg7 7. Bb5+ Kf8 8. Qf3 Nf6 9. dxc5 Nbd7 10. Bf4 Nxe5 11. Bxe5 Nd7 12. Bxg7+ Kxg7 13. 0-0-0 e6 14. Bxd7 Bxd7 15. Qxb7 1-0

[Event "Provincial-ch Valencia Preferente"]
[Site "Valencia"]
[Date "2009.10.03"]
[Round "1"]
[White "Penarrubia Blasco, Jose Alfredo"]
[Black "Morenilla Rocher, Fernando"]
[Result "1-0"]
[WhiteElo "1951"]
[BlackElo "1811"]
[PlyCount "76"]
[EventDate "2009.10.03"]
[EventType "swiss"]
[EventRounds "7"]
[EventCountry "ESP"]
[SourceTitle "EXT 2024"]
[Source "ChessBase"]
[SourceDate "2023.10.10"]
[SourceVersion "1"]
[SourceVersionDate "2023.10.10"]
[SourceQuality "1"]

1. e4 e5 2. Nf3 Nc6 3. Nc3 Nf6 4. Bb5 Bc5 5. d3 d6 6. h3 Bd7 7. Bg5 h6 8. Bh4 a6 9. Ba4 g5 10. Nxg5 hxg5 11. Bxg5 Rg8 12. h4 Bb4 13. 0-0 Bxc3 14. bxc3 Rg6 15. f4 exf4 16. Rxf4 Ne5 17. Bb3 Qe7 18. d4 Neg4 19. Qf3 0-0-0 20. Rf1 Rdg8 21. Bxf6 Nxf6 22. Rxf6 Rxg2+ 23. Qxg2 Rxg2+ 24. Kxg2 Qxe4+ 25. Kg3 Qg4+ 26. Kf2 Qxh4+ 27. Ke3 Qg3+ 28. Kd2 Qg5+ 29. R1f4 Be6 30. Kc1 b5 31. Kb2 Bxb3 32. axb3 Qd5 33. Rxf7 Kb8 34. b4 Qc6 35. Rh7 Qb6 36. Rff7 Qc6 37. Rf8+ Kb7 38. Rhh8 Qc4 1-0

[Event "Cullera op-B"]
[Site "Cullera"]
[Date "2006.07.25"]
[Round "5"]
[White "Penarrubia Blasco, Jose Alfredo"]
[Black "Luis Martinez, Christian"]
[Result "0-1"]
[WhiteElo "1774"]
[BlackElo "1999"]
[PlyCount "88"]
[EventDate "2006.07.20"]
[EventType "tourn"]
[EventRounds "8"]
[EventCountry "ESP"]
[SourceTitle "EXT 2007"]
[Source "ChessBase"]
[SourceDate "2006.11.23"]
[SourceVersion "1"]
[SourceVersionDate "2006.11.23"]
[SourceQuality "1"]

1. e4 e6 2. d4 d5 3. exd5 exd5 4. Nc3 Nf6 5. Bg5 Be7 6. Nf3 0-0 7. h3 Re8 8. Be2 Bf5 9. Bxf6 Bxf6 10. Qd2 c5 11. 0-0-0 Nc6 12. Bb5 cxd4 13. Ne2 Qb6 14. Nexd4 Nxd4 15. Nxd4 Bxd4 16. Qxd4 Qxb5 17. g4 Be4 18. Rhf1 Qc4 19. Qxc4 dxc4 20. Rd4 Bc6 21. f4 Rad8 22. Rfd1 Rxd4 23. Rxd4 Bg2 24. h4 Bf3 25. g5 Re1+ 26. Kd2 Rd1+ 27. Kc3 Rxd4 28. Kxd4 Bd1 29. c3 Be2 30. Kc5 Kf8 31. Kd6 Ke8 32. Kc7 Bf3 33. b4 cxb3 34. axb3 Ke7 35. f5 g6 36. f6+ Ke6 37. c4 Bc6 38. b4 a6 39. Kd8 Be4 40. Ke8 Bd3 41. c5 Bc4 42. Kf8 Kf5 43. Kg7 Kg4 44. Kxh7 Kxh4 0-1

[Event "Cullera op-B"]
[Site "Cullera"]
[Date "2006.07.24"]
[Round "3"]
[White "Penarrubia Blasco, Jose Alfredo"]
[Black "Monserrat Castells, Julio"]
[Result "1/2-1/2"]
[WhiteElo "1774"]
[BlackElo "1966"]
[PlyCount "71"]
[EventDate "2006.07.20"]
[EventType "tourn"]
[EventRounds "8"]
[EventCountry "ESP"]
[SourceTitle "EXT 2007"]
[Source "ChessBase"]
[SourceDate "2006.11.23"]
[SourceVersion "1"]
[SourceVersionDate "2006.11.23"]
[SourceQuality "1"]

1. e4 e6 2. d4 d5 3. exd5 exd5 4. Nc3 Bb4 5. Bd2 Nc6 6. a3 Ba5 7. Bb5 Nge7 8. h3 0-0 9. Nf3 a6 10. Ba4 Bb6 11. Bg5 f6 12. Bh4 Nf5 13. Bxc6 bxc6 14. 0-0 a5 15. Ne2 Ba6 16. Re1 Re8 17. c3 Re4 18. Ng3 Nxh4 19. Nxe4 Nxf3+ 20. Qxf3 dxe4 21. Rxe4 c5 22. dxc5 Bxc5 23. Rae1 Qd7 24. Re7 Bxe7 25. Qxa8+ Bc8 26. Rxe7 Qxe7 27. Qxc8+ Kf7 28. Qa6 Qe1+ 29. Qf1 Qe5 30. Qc4+ Ke7 31. Kf1 Kd6 32. a4 h6 33. b4 axb4 34. Qxb4+ Kc6 35. Qc4+ Qc5 36. Qb3 1/2-1/2